La carcoma / (Record no. 167414)

MARC details
000 -LEADER
campo de control de longitud fija 00605nam a22001815i 4500
001 - NÚMERO DE CONTROL
campo de control 167414
003 - IDENTIFICADOR DE NÚMERO DE CONTROL
campo de control ES-MaACL
005 - FECHA Y HORA DE LA ÚLTIMA TRANSACCIÓN
campo de control 20231206063250.0
008 - DATOS DE LONGITUD FIJA--INFORMACIÓN GENERAL
campo de control de longitud fija 050926s1878 sp | |||||||| ||spa d
040 ## - FUENTE DE CATALOGACIÓN
Centro catalogador/agencia de origen CAM
Lengua de catalogación spa
Centro/agencia transcriptor CAM
100 1# - ENTRADA PRINCIPAL--NOMBRE DE PERSONA
Nombre de persona Vicuña, Gumersindo,
Fechas asociadas al nombre 1840-1890
9 (RLIN) 114406
245 13 - MENCIÓN DEL TÍTULO
Título La carcoma /
Mención de responsabilidad, etc. por Andrés Cubí Mugiño.
260 ## - PUBLICACIÓN, DISTRIBUCIÓN, ETC.
Lugar de publicación, distribución, etc. Madrid :
Nombre del editor, distribuidor, etc. Imprenta y librería de "La Guirnalda",
Fecha de publicación, distribución, etc. 1878.
300 ## - DESCRIPCIÓN FÍSICA
Extensión 283 p. ;
Dimensiones 18 cm.
594 ## - Nota al título y mención de responsabilidad
Nota al título y mención de responsabilidad Andrés Cubí Mugiño es seud. de Gumersindo Vicuña.
852 ## - LOCALIZACIÓN
Ubicación ES-MaACL
Número de control de estantería F-11265
Nota libre -- Enc. pasta española
Holdings
Estatus retirado Estado de pérdida Estado de daño No para préstamo Colección Biblioteca de origen Biblioteca actual Ubicación en estantería Fecha de adquisición Fuente de adquisición Total de préstamos Signatura topográfica completa Código de barras Visto por última vez Precio de reemplazo Tipo de ítem Koha
        Libros del s. XIX Biblioteca del Ateneo de Madrid Biblioteca del Ateneo de Madrid Sala Pecera Planta 2 17/01/2008     F-11265 1175626 23/02/2023 23/02/2023 Libro impreso antiguo